| 000 | 00451nam a22001697a 4500 | ||
|---|---|---|---|
| 008 | 101125t xxu||||| |||| 00| 0 eng d | ||
| 020 | _a2-224-01072-9 | ||
| 040 |
_aBUAC _cSDINJS |
||
| 041 | _aFR | ||
| 082 | _a615.825 JOU | ||
| 100 |
_aJOUVIN, Bruno .- _911574 |
||
| 245 | _aKinésithérapie mandibulo-faciale | ||
| 260 |
_aParis: _bMaloine, _c1985 .- |
||
| 300 |
_a192 p.; _c24 cm .- |
||
| 650 |
_aGymnastique médicale _911575 |
||
| 942 | _cLIVR | ||
| 999 |
_c48370 _d48370 |
||